| 000 | 00495nam a2200205Ia 4500 | ||
|---|---|---|---|
| 003 | 0100 | ||
| 008 | 130303s9999 xx 000 0 und d | ||
| 040 | _cARRUPELIB | ||
| 050 | _aQ175.C3 | ||
| 100 | _aCarnap, Rudolf | ||
| 245 | 4 | _aThe Unity of science | |
| 260 | _aEngland | ||
| 260 | _bThoemmes press | ||
| 260 | _C1995 | ||
| 300 | _a101p. | ||
| 300 | _b 21cm | ||
| 650 | _bNewman, John Henry | ||
| 650 | _cCatholic Church -- Doctrinal works -- Catholic authors | ||
| 942 |
_2lcc _03 |
||
| 999 |
_c58944 _d58944 |
||